000 00275nam a2200097Ia 4500
001 1189637
005 20250827021053.0
008 250824s9999 xx 000 0 und d
245 0 _aYILDIZLAR OKULU BİRİNCİ DÖNEM
_cHOLLY KELLY WİLLOUGHBY
260 _bMARTI ÇOCUK YAYINLARI
999 _c1189637
_d1189637